| 000 | 01744nam a2200505 i 4500 | ||
|---|---|---|---|
| 001 | 6227 | ||
| 003 | KOSZ 005 | ||
| 005 | 20220608084935.0 | ||
| 008 | 970513s1991 pl a |000 0 pol | ||
| 015 | _aUWD 1992/2200 | ||
| 035 | _a991001250319705066 | ||
| 035 | _a(PL-WaBN)b10365783-48omnis_nlop | ||
| 035 | _ab10365783 | ||
| 035 | _a(OCoLC)830057241 | ||
| 035 | _a(PL)b0000001036578 | ||
| 035 | _a(EXLNZ-48OMNIS_NETWORK)9910341302705606 | ||
| 040 |
_aWA N _cWA N _dKOSZ 005/HR |
||
| 046 | _k1991 | ||
| 080 | _a621.01 | ||
| 080 | _a534 | ||
| 080 | _a(075.8) | ||
| 100 | 1 |
_aTomski, Lech _d(1942-2017) _eAutor |
|
| 245 | 1 | 0 |
_aDrgania mechaniczne : _bmodelowanie i badania / _cLech Tomski, Bogdan Posiadała, Jacek Przybylski. |
| 260 |
_aCzęstochowa : _bWydawnictwo PC, _c1991. _fAGH). |
||
| 300 |
_a134 s. : _brys., wykr. ; _c24 cm. |
||
| 336 |
_aTekst _btxt _2rdacontent |
||
| 337 |
_aBez urządzenia pośredniczącego _bn _2rdamedia |
||
| 338 |
_aWolumin _bnc _2rdacarrier |
||
| 380 | _aKsiążki | ||
| 388 | _a1901-2000 | ||
| 490 | 1 | _aSkrypt / Politechnika Częstochowska | |
| 504 | _aBibliogr. przy rozdz. | ||
| 650 | 7 |
_aDrgania _2DBN |
|
| 650 | 7 | _aMechanika | |
| 650 | 7 |
_aModele matematyczne _2DBN |
|
| 655 | 7 |
_aPodręczniki akademickie _2DBN |
|
| 658 | _aInżynieria i technika | ||
| 700 | 1 |
_aPosiadała, Bogdan _eAutor |
|
| 700 | 1 |
_aPrzybylski, Jacek _c(mechanika) _eAutor |
|
| 710 | 2 |
_aWydawnictwo Politechniki Częstochowskiej _4pbl |
|
| 830 | 0 | _aSkrypt - Politechnika Częstochowska | |
| 856 |
_uhttp://koha.tu.koszalin.pl/cgi-bin/koha/opac-detail.pl?biblionumber=6227 _yKatalog online BPK |
||
| 942 |
_2UKD _cKS |
||
| 999 |
_c6227 _d6227 |
||